The discovery of the unconscious : the history and evolution of the dynamic psychiatry
Αποθηκεύτηκε σε:
| Κύριος συγγραφέας: | |
|---|---|
| Μορφή: | Βιβλίο |
| Γλώσσα: | English |
| Δημοσίευση: |
London :
Fontana,
1994
|
| Θέματα: | |
| Ετικέτες: |
Προσθήκη ετικέτας
Δεν υπάρχουν, Καταχωρήστε ετικέτα πρώτοι!
|
MARC
| LEADER | 00000nam a2200000 i 4500 | ||
|---|---|---|---|
| 001 | 1/10502 | ||
| 008 | 970603s1994 eng d | ||
| 020 | |a 0-00-686320-5 | ||
| 035 | |l 10017877 | ||
| 040 | |a GR-MY-UA |b gre |e aacr | ||
| 041 | 0 | |a eng | |
| 082 | 0 | |a 150.195 | |
| 100 | 1 | |a Ellenberger, Henri F. | |
| 245 | 1 | 4 | |a The discovery of the unconscious : |b the history and evolution of the dynamic psychiatry / |c Henri F. Ellenberger |
| 260 | |a London : |b Fontana, |c 1994 | ||
| 300 | |a 932 p. |b photos | ||
| 504 | |a Includes index | ||
| 650 | 0 | 0 | |a Psychoanalysis |x History. |
| 650 | 0 | 0 | |a Psychiatry |x History. |
| 852 | |a INST |b LESVOS |e 19970603 |h 150.195 ELL |p 005100011173 |q 005100011173 |t BK |y 0 | ||
| 909 | |a Λ |b 049620 | ||
| 922 | |a 1ΔΩΡ |b 199702 |c ΤΚΑ | ||